00416 2200181 4500001002100000005001500021035002000036007000300056008004100059082000800100084001400108100000800122245004500130260001200175300001500187650001700202856001500219INLIS00000000000818520260409114300 a0010-0426000005ta260409 0 ind  a300 a300 KPK s0 aKPK1 aStrategi Jitu Kampanye Integritas /cKPK aJakarta a59 ;c25cm 4aPEMBELAJARAN aMATEMATIKA